000 00532nam a2200169Ia 4500
008 240729s9999 xx 000 0 und d
022 _a2184-6995
245 0 _aDiscern
260 _aCyprus
260 _bArt + Design: elearning lab - design for social change, Cyprus University of Technology
650 _a Drawing. Design. Illustration
650 _a Social sciences (General) | Fine Arts
650 _aSocial Sciences
856 _uhttps://doaj.org/toc/389a3e40e10f40bb8692bbb56e1fb72b
942 _2ddc
942 _cDOAJEJ
999 _c69567
_d69567
945 _a1
_bMadushi Gamage
_c1
_dMadushi Gamage